Birds by Letter - P - Statistics

General Stats
  • This quiz has been taken 45 times
  • The average score is 11 of 24
Answer Stats
Picture Answer % Correct
Peafowl
100%
Penguin
100%
Pigeon
100%
Pelican
98%
Parrot
93%
Puffin
91%
Pheasant
81%
Plover
58%
Petrel
44%
Partridge
42%
Ptarmigan
42%
Pintail
40%
Potoo
33%
Pipit
26%
Phalarope
23%
Pitta
23%
Pratincole
19%
Parrotbill
16%
Piculet
16%
Pardalote
14%
Prion
12%
Puffbird
9%
Pauraque
7%
Puffleg
5%
No matching quizzes found
Score Distribution
Percent of People with Each Score
Percentile by Number Answered
Your Score History
You have not taken this quiz